Guess the One-Syllable Name - Statistics

General Stats
  • This quiz has been taken 63 times
    34 since last reset
  • The average score is 17 of 18
Answer Stats
1 Syllable 2 Syllables 3 Syllables % Correct
Bill Billy William
100%
Chris Chrissy Christopher
100%
John Johnny Jonathan
100%
Luke Lucas Lucian
100%
Kate Katie Katherine
97%
Tim Timmy Timothy
97%
Zach Zachy Zachary
97%
Ben Benny Benjamin
94%
Dan Danny Daniel
94%
Fred Freddie Frederick
94%
Kim Kimber Kimberly
94%
Liv Livvy Livia
94%
Ann Anna Annabelle
90%
Sam Sammy Samuel
90%
Lil Lily Lilian
84%
Sue Susie Susanna
84%
James Jamie Jamison
81%
Elle Ellie Eliza
77%
No matching quizzes found
Score Distribution
Percent of People with Each Score
Percentile by Number Answered
Your Score History
You have not taken this quiz since the last reset